| 000 | 00748nam a2200205 i 4500 | ||
|---|---|---|---|
| 001 | 116714 | ||
| 003 | ES-MaACL | ||
| 005 | 20230906190744.0 | ||
| 007 | t| | ||
| 008 | 061121s1912 po r ||||1| por d | ||
| 100 | 1 |
_aPascoais, Teixeira de ( _d1877-1952) _989331 |
|
| 245 | 1 | 2 |
_aO espírito lusitano au o saudosismo _b: confèrencia da "Renascença portuguesa", realisada no Ateneu Comercial do Porto, na noite de 23 de Maio de 1912. |
| 260 |
_aPorto : _bRenascença Portuguesa, _c1912. |
||
| 300 |
_a20 p. ; _c25 cm. |
||
| 490 | 1 | _aBiblioteca de A Renasceça Portuguesa | |
| 650 | 4 |
_aPortugueses- _xPsicología. _9163749 |
|
| 830 | 0 |
_aBiblioteca de A Renasceça Portuguesa _9233321 |
|
| 852 |
_aES-MaACL _j1570-F-4 |
||
| 999 |
_c116714 _d116714 |
||